Statistics for Daily Country Riddle #156

Click here to take the quiz!

General Stats

  • This quiz has been taken 52 times
  • The average score is 18 of 21

Answer Stats

TypeAnswer% Correct
Found LetterA
98%
Found LetterA
93%
Found Letter
I
93%
Correctly Placed LetterA
91%
Found LetterN
91%
Found LetterM
89%
Correctly Placed LetterM
89%
Found LetterR
89%
Found LetterT
89%
Found LetterU
87%
Found LetterA
85%
Found LetterI
85%
Correctly Placed LetterR
80%
Correctly Placed LetterA
76%
Correctly Placed LetterA
76%
Correctly Placed LetterI
76%
Correctly Placed LetterI
76%
Mystery CountryMauritania
76%
Correctly Placed LetterN
76%
Correctly Placed LetterT
76%
Correctly Placed LetterU
76%

Score Distribution

Percentile by Number Answered

Percent of People with Each Score

Your Score History

You have not taken this quiz